A solution to the housing puzzle? (Record no. 78330)
[ view plain ]
| 000 -LEADER | |
|---|---|
| fixed length control field | 01040cab a2200217 4500 |
| 001 - CONTROL NUMBER | |
| control field | ##L136528 |
| 008 - FIXED-LENGTH DATA ELEMENTS--GENERAL INFORMATION | |
| fixed length control field | 070206n2007 000 0 eng u |
| 035 ## - SYSTEM CONTROL NUMBER | |
| System control number | (Sirsi) u136528 |
| 041 0# - LANGUAGE CODE | |
| Language code of text/sound track or separate title | eng |
| 100 1# - MAIN ENTRY--PERSONAL NAME | |
| Personal name | Prior, Grant |
| 245 02 - TITLE STATEMENT | |
| Title | A solution to the housing puzzle? |
| 260 ## - PUBLICATION, DISTRIBUTION, ETC. | |
| Date of publication, distribution, etc. | 2007 |
| 490 #0 - SERIES STATEMENT | |
| Series statement | Construction News |
| Volume/sequential designation | (7002) 25 January 2007, 12-13(2) |
| 520 ## - SUMMARY, ETC. | |
| Summary, etc. | Discusses the new housing and regeneration agency, Communities England, and the response from social housing contractors. The majority of contractors have welcomed the chance to liaise with one body rather than numerous regeneration agencies. However, others are concerned that the merger of the Housing Corporation, English Partnerships and some functions of the DCLG could create uncertainty and believe that reform of the planning system is the only way to speed up house building. |
| 590 ## - LOCAL NOTE (RLIN) | |
| Local note | KA |
| 650 24 - SUBJECT ADDED ENTRY--TOPICAL TERM | |
| Topical term or geographic name entry element | COMMUNITIES ENGLAND |
| 651 #4 - SUBJECT ADDED ENTRY--GEOGRAPHIC NAME | |
| Geographic name | England |
| Chronological subdivision | 886- |
| 690 ## - LOCAL SUBJECT ADDED ENTRY--TOPICAL TERM (OCLC, RLIN) | |
| Topical term or geographic name as entry element | PROPERTY-PROPERTY MANAGEMENT-REGENERATION |
| 700 1# - ADDED ENTRY--PERSONAL NAME | |
| Personal name | Lynch, Russ |
| 942 ## - ADDED ENTRY ELEMENTS (KOHA) | |
| Suppress in OPAC | 0 |
| Withdrawn status | Lost status | Source of classification or shelving scheme | Damaged status | Not for loan | Home library | Current library | Shelving location | Date acquired | Total Checkouts | Full call number | Barcode | Date last seen | Copy number | Price effective from | Koha item type |
|---|---|---|---|---|---|---|---|---|---|---|---|---|---|---|---|
| Dewey Decimal Classification | London | London | Journal article | 06/02/2007 | L136528 | 136528-1001 | 06/08/2019 | 1 | 06/08/2019 | Journal article |